000 00182nam a2200073Ia 4500
008 170524s9999 xx 000 0 und d
100 _aRAO- K RAMA MOHAN
245 0 _aSERVICES MARKETING
260 _bPEARSON EDUCATION
999 _c8106
_d8106